Statistics for 1970's Song Titles: Picture Clues #2

Click here to take the quiz!

General Stats

  • This quiz has been taken 139 times
  • The average score is 9 of 20

Answer Stats

Answer% Correct
Frankenstein
84%
Venus
78%
Rose Garden
69%
(The Angels Wanna Wear My) Red Shoes
66%
Convoy
64%
Teddy Bear
63%
Aqualung
61%
Kashmir
60%
Baker Street
57%
Dreams
51%
Airport
47%
Telephone Line
38%
Glass Of Champagne
25%
Lamplight
24%
Pablo Picasso
24%
Sheena Is A Punk Rocker
18%
Good Morning Judge
14%
Banks of the Ohio
11%
Uncle Albert/Admiral Halsey
8%
Late In The Evening
4%

Score Distribution

Percentile by Number Answered

Percent of People with Each Score

Your Score History

You have not taken this quiz